<?xml version="1.0" encoding="UTF-8"?><?xml-stylesheet type="text/xsl" href="static/style.xsl"?><OAI-PMH xmlns="http://www.openarchives.org/OAI/2.0/" xmlns:xsi="http://www.w3.org/2001/XMLSchema-instance" xsi:schemaLocation="http://www.openarchives.org/OAI/2.0/ http://www.openarchives.org/OAI/2.0/OAI-PMH.xsd"><responseDate>2026-04-13T05:52:42Z</responseDate><request verb="GetRecord" identifier="oai:www.recercat.cat:2072/469078" metadataPrefix="marc">https://recercat.cat/oai/request</request><GetRecord><record><header><identifier>oai:recercat.cat:2072/469078</identifier><datestamp>2026-03-28T08:48:42Z</datestamp><setSpec>com_2072_98</setSpec><setSpec>col_2072_378192</setSpec></header><metadata><record xmlns="http://www.loc.gov/MARC21/slim" xmlns:dcterms="http://purl.org/dc/terms/" xmlns:xsi="http://www.w3.org/2001/XMLSchema-instance" xmlns:doc="http://www.lyncode.com/xoai" xsi:schemaLocation="http://www.loc.gov/MARC21/slim http://www.loc.gov/standards/marcxml/schema/MARC21slim.xsd">
   <leader>00925njm 22002777a 4500</leader>
   <datafield ind2=" " ind1=" " tag="042">
      <subfield code="a">dc</subfield>
   </datafield>
   <datafield ind2=" " ind1=" " tag="720">
      <subfield code="a">Moore, Emilee</subfield>
      <subfield code="e">author</subfield>
   </datafield>
   <datafield ind2=" " ind1=" " tag="720">
      <subfield code="a">Palou, Juli</subfield>
      <subfield code="e">author</subfield>
   </datafield>
   <datafield ind2=" " ind1=" " tag="260">
      <subfield code="c">2018</subfield>
   </datafield>
   <datafield ind2=" " ind1=" " tag="520">
      <subfield code="a">Situations and practices that are favourable to the development of literacy and of plurilingual and intercultural competences - or what we refer to globally as pluriliteracies - are considered in this chapter. It draws on the empirical work carried out as part of the KOINOS project, as well as other experiences of a similar nature, to develop a set of principles for guiding how reading is approached in multilingual school environments, anchored in family and community realities. These principles include the need to expand the instrumental view of language, to link pluriliteracies and creativity, to embrace multimodality, to bridge languages and cultures, to establish variable geometries, to promote interaction, to facilitate collaborative formative action, and to evaluate reflexively. The experiences presented in the chapter aim to inspire others working in linguistically and culturally rich environments to develop children's reading competences creatively, critically and in socially just ways.</subfield>
   </datafield>
   <datafield ind2="0" ind1="0" tag="245">
      <subfield code="a">Reading in multilingual environments</subfield>
   </datafield>
</record></metadata></record></GetRecord></OAI-PMH>